East Germany Country Quiz - Statistics

General Stats
  • This quiz has been taken 923 times
  • The average score is 13 of 20
Answer Stats
Hint Answer % Correct
Capital East Berlin
99%
Bordering countries Poland
97%
Military alliance it was a member of {Warsaw} Pact
93%
Bordering countries West Germany
93%
State ideology Communism
88%
Country abbreviation GDR
86%
Bordering countries Czechoslovakia
85%
Intelligence and secret police agency Stasi
80%
3rd largest city Dresden
75%
Best-known Berlin Wall crossing point Checkpoint Charlie
72%
2nd largest city Leipzig
71%
Boundary dividing Europe the Berlin Wall was a part of Iron Curtain
70%
Leader 1971-1989 Erich Honecker
64%
Well-known East German car brand Trabant
52%
2003 German comedy about reunification Good Bye, {Lenin!}
46%
Leader 1950-1971 Walter Ulbricht
41%
Nostalgia for East Germany Ostalgie
33%
German name for the process of sociopolitical change that led to reunification Die {Wende}
23%
The former territories of East Germany is arguably the least _______ region in the world Religious
20%
Dissident singer of "Ermutigung" Wolf Biermann
10%
No matching quizzes found
Score Distribution
Percent of People with Each Score
Percentile by Number Answered
Your Score History
You have not taken this quiz